Estatísticas para Os 15 principais países afetados pela Covid-19 - 16 de maio

Clique aqui para jogar o quiz

Estatísticas Gerais

  • Esse quiz foi jogado 12 vezes
  • A pontuação média é 14 de 24

Estatísticas das Respostas

país% Correto
Brasil
100%
China
100%
Estados Unidos
100%
França
100%
Espanha
91%
Itália
91%
Reino Unido
91%
Canadá
82%
Alemanha
73%
Irão
73%
Suécia
73%
Índia
64%
Suíça
64%
Bélgica
55%
Irlanda
55%
Portugal
55%
Rússia
55%
Peru
45%
Turquia
45%
Bielorrússia
9%
Catar
9%
Bahrein
0%
Kuweit
0%
Singapura
0%

Distribuição das Pontuações

Percentil de Números Respondidos

Porcentagem de Pessoas com Cada Pontuação

Sua Pontuação Histórica

Você não jogou esse quiz